Poesías completas (Record no. 21831)
[ view plain ]
| 000 -LEADER | |
|---|---|
| campo de control de longitud fija | 00723nam a2200181 i 4500 |
| 001 - NÚMERO DE CONTROL | |
| campo de control | 21831 |
| 003 - IDENTIFICADOR DE NÚMERO DE CONTROL | |
| campo de control | ES-MaACL |
| 005 - FECHA Y HORA DE LA ÚLTIMA TRANSACCIÓN | |
| campo de control | 20250514194820.0 |
| 007 - CAMPO FIJO DE DESCRIPCIÓN FÍSICA--INFORMACIÓN GENERAL | |
| campo de control de longitud fija | t| |
| 008 - DATOS DE LONGITUD FIJA--INFORMACIÓN GENERAL | |
| campo de control de longitud fija | 021128s1960 sp |||| | spa d |
| 100 1# - ENTRADA PRINCIPAL--NOMBRE DE PERSONA | |
| Nombre de persona | Aleixandre, Vicente, |
| Fechas asociadas al nombre | 1898-1984 |
| 9 (RLIN) | 19688 |
| 245 10 - MENCIÓN DEL TÍTULO | |
| Título | Poesías completas |
| Resto del título | : Ámbito ; Pasión de la tierra ; Espadas como labios ; La destrucción o el amor ; Mundo a solas ; Sombra del paraíso ; Nacimiento último ; Historia del corazón ; Poemas varios / |
| Mención de responsabilidad, etc. | Vicente Aleixandre ; prólogo de Carlos Bousoño. |
| 260 ## - PUBLICACIÓN, DISTRIBUCIÓN, ETC. | |
| Lugar de publicación, distribución, etc. | Madrid : |
| Nombre del editor, distribuidor, etc. | Aguilar, |
| Fecha de publicación, distribución, etc. | 1960. |
| 300 ## - DESCRIPCIÓN FÍSICA | |
| Extensión | 865 p. ; |
| Dimensiones | 21 cm. |
| 700 1# - ENTRADA AGREGADA--NOMBRE PERSONAL | |
| Nombre de persona | Bousoño, Carlos, |
| Fechas asociadas al nombre | 1923-2015 |
| 9 (RLIN) | 31032 |
| 852 ## - LOCALIZACIÓN | |
| Ubicación | ES-MaACL |
| Número de control de estantería | C-17650 |
| Estatus retirado | Estado de pérdida | Estado de daño | No para préstamo | Biblioteca de origen | Biblioteca actual | Ubicación en estantería | Fecha de adquisición | Fuente de adquisición | Total de préstamos | Signatura topográfica completa | Código de barras | Visto por última vez | Precio de reemplazo | Tipo de ítem Koha |
|---|---|---|---|---|---|---|---|---|---|---|---|---|---|---|
| Biblioteca del Ateneo de Madrid | Biblioteca del Ateneo de Madrid | Galería | 17/01/2008 | C-17650 | 1022438 | 23/02/2023 | 23/02/2023 | Libro impreso |
